| 000 | 00613cam a2200205 4500 | ||
|---|---|---|---|
| 001 | L158041 | ||
| 008 | 060116n2014 000 0 eng u | ||
| 020 | _a9781848063464 | ||
| 035 | _a(Sirsi) u158041 | ||
| 041 | 0 | _aeng | |
| 050 | 0 | 4 | _a690 $2 18 |
| 110 | 2 |
_aBritish Research Establishment _94859 |
|
| 245 | 0 | 0 |
_aIndex _bBRE digests, guides and information papers |
| 260 |
_aWatford _bBRE _c2014 |
||
| 300 |
_a20p. _c30cm. |
||
| 520 | _aLeaflet containing a classified subject index and a numerical listing of BRE publications. | ||
| 651 | 4 | _aENGLAND AND WALES | |
| 690 | _aBUILT ENVIRONMENT | ||
| 942 | _n0 | ||
| 999 |
_c115096 _d115096 |
||